00389 a2200109 4500001001000000005001700010008004100027245007200068100002200140773010000162999001700262ART_2648920260410161940.0260409a 10aPatrones de crecimiento y políticas tecnológicas en el siglo XX1 aNochteff, Hugo J.0 tCiclos en la historia, la economía y la sociedadg- Vol. IV, Nº 6 (ene./jun. 1994)wREV26321 c29393d29393